| 000 | 00392nam a22001457a 4500 | ||
|---|---|---|---|
| 008 | 160309b xxu||||| |||| 00| 0 eng d | ||
| 020 | _a8525003204 | ||
| 100 | _aTYLER, Ralph W. | ||
| 245 |
_aPrincipios basicos de curriculo e ensino _cRalph W. Tyler |
||
| 250 | _a10a ed | ||
| 260 |
_aRio de Janerio _bEditora Globo _c[ca. 1986] |
||
| 300 | _a119p | ||
| 650 | _aCurriculo | ||
| 942 |
_2udc _cBK |
||
| 999 |
_c35577 _d35577 |
||